| 000 | 00938nam a2200325 a 4500 | ||
|---|---|---|---|
| 001 | 000116067 | ||
| 003 | CHAP | ||
| 005 | 20220329144559.0 | ||
| 008 | 190903s1995 mx |r| ||||||spa d | ||
| 010 | _a112528 | ||
| 011 | _a113500 | ||
| 020 | _a9681902718 | ||
| 040 | _cCHAP | ||
| 082 |
_a398.3580972 _bM68 |
||
| 245 | 0 | 0 |
_aMitos mexicanos / _ccoordinado por Enrique Florescano. |
| 260 |
_aMéxico, D.F. : _bAguilar, _c1995. |
||
| 300 | _a315 p. | ||
| 490 | _aNuevo siglo | ||
| 590 |
_aBATCH-UPD _b05 _c20190903 _lUCH01 _h1235 |
||
| 590 |
_aE5765TAJ _b05 _c20190903 _lUCH01 _h1234 |
||
| 650 | 1 | 4 |
_aFolklore e historia _zMéxico. _9136785 |
| 650 | 1 | 4 |
_aMéxico _xVida social y costumbres. _976800 |
| 650 | 1 | 4 |
_aMitología indígena _zMéxico. _9136784 |
| 650 | 1 | 4 |
_aMitología mexicana. _9136783 |
| 700 | 0 |
_aFlorescano, Enrique _ecoord. _941815 |
|
| 830 | 0 |
_aNuevo siglo _9136786 |
|
| 901 | _aBK | ||
| 942 | _cLIBRO | ||
| 942 | _n0 | ||
| 999 |
_c112528 _d112528 |
||